|
|
|
|
| LEADER |
00000cam a2200000 a 4500 |
| 001 |
25899 |
| 003 |
Ucuenca |
| 005 |
20230308164225.0 |
| 008 |
959012|1949 ag |||||r|||||||||||spa|| |
| 040 |
|
|
|b spa
|
| 041 |
0 |
|
|a spa
|
| 082 |
0 |
|
|a 301
|
| 100 |
1 |
|
|a Della Rocca, Fernando
|9 45070
|
| 245 |
|
3 |
|a La lucha por la civilización
|c Fernando Della Rocca
|h imp
|
| 264 |
|
|
|a Buenos Aires
|b Guillermo Kraft
|c 1949
|
| 300 |
|
|
|a 307 páginas:
|c 23,5 cm
|
| 650 |
|
0 |
|a Humanismo corrientes
|9 45071
|
| 650 |
|
0 |
|a Humanismo racional
|9 45072
|
| 650 |
|
0 |
|a Humanismo religioso
|9 45073
|
| 852 |
|
|
|a UC-CDJBV
|f Compra
|l 1
|m General
|p 19590121
|q 30,00
|t 25899
|y 67970
|b 0
|d CDRC
|e CDRC
|g 301 PRIMER PISO
|z 1959-90-12
|
| 942 |
|
|
|c BK
|2 ddc
|z luz.vázquez@ucuenca.edu.ec
|
| 999 |
|
|
|c 24396
|d 24396
|